000 00589nam a2200217 a 4500
999 _c5289
_d5289
001 5289
003 BD-JhCC
005 20171212100956.0
008 171212s19341948p |||| || | 000 0 eng d
035 _a(BD-JhCC)5289
040 _aBD-JhCC
_dBD-JhCC
041 _aeng
082 _a388.954
_bQUR 1948
100 _aQureshi, Anwar Iqbal
245 _aPakistan Marches on Road to Prosperity 1959-1964 /
_cAnwar Iqbal Qureshi,
260 _aPakistan :
_bFerozsons Ltd,
_c1948.
300 _a156 p. :
_c24 cm.
650 _aEconomic Policy
_zPakistan
942 _2ddc
_cBK